Cultural pluralism and other essays / (Record no. 24670)

MARC details
000 -LEADER
fixed length control field 01094nam a2200301 i 4500
001 - CONTROL NUMBER
control field 24670
005 - DATE AND TIME OF LATEST TRANSACTION
control field 20230823094945.0
008 - FIXED-LENGTH DATA ELEMENTS--GENERAL INFORMATION
fixed length control field 210509s2017 bg b 000 0 eng
020 ## - INTERNATIONAL STANDARD BOOK NUMBER
ISBN 9789849291435
Qualifying information (Hardback)
037 ## - SOURCE OF ACQUISITION
Source of stock number/acquisition Library of Congress -- New Delhi Overseas Office
040 ## - CATALOGING SOURCE
Original cataloging agency DLC
Language of cataloging eng
Description conventions rda
Transcribing agency DLC
Modifying agency BD-DhIUB
041 1# - LANGUAGE CODE
Language code of text/sound track or separate title eng
Language code of original and/or intermediate translations of text ben
082 ## - DEWEY DECIMAL CLASSIFICATION NUMBER
Edition number 22
Item number A155c
100 ## - MAIN ENTRY--PERSONAL NAME
Personal name Anisuzzaman
Relator term author.
9 (RLIN) 3941
245 10 - TITLE STATEMENT
Title Cultural pluralism and other essays /
Statement of responsibility, etc Anisuzzaman.
260 ## - PUBLICATION, DISTRIBUTION, ETC. (IMPRINT)
Place of publication, distribution, etc Dhaka :
Name of publisher, distributor, etc Journeman books
Date of publication, distribution, etc 2017
300 ## - PHYSICAL DESCRIPTION
Extent 96 pages ;
Dimensions 24 cm
504 ## - BIBLIOGRAPHY, ETC. NOTE
Bibliography, etc Includes bibliographical references.
526 ## - STUDY PROGRAM INFORMATION NOTE
School name
Shelving Location Reference Stacks
Department English
546 ## - LANGUAGE NOTE
Language note Includes English version of original Bengali articles.
650 #0 - SUBJECT ADDED ENTRY--TOPICAL TERM
Topical term or geographic name as entry element Bengali literature
General subdivision History and criticism.
650 #0 - SUBJECT ADDED ENTRY--TOPICAL TERM
Topical term or geographic name as entry element Identity (Philosophical concept) in literature.
650 #0 - SUBJECT ADDED ENTRY--TOPICAL TERM
Topical term or geographic name as entry element Bengali (South Asian people)
General subdivision Ethnic identity.
650 #0 - SUBJECT ADDED ENTRY--TOPICAL TERM
Topical term or geographic name as entry element Cultural pluralism.
906 ## - LOCAL DATA ELEMENT F, LDF (RLIN)
a 7
b cbc
c origode
d 3
e ncip
f 20
g y-gencatlg
942 ## - ADDED ENTRY ELEMENTS (KOHA)
Source of classification or shelving scheme Dewey Decimal Classification
Koha item type Books
Holdings
Withdrawn status Lost status Source of classification or shelving scheme Damaged status Not for loan Home library Current library Shelving location Date acquired Source of acquisition Cost, normal purchase price Full call number Barcode Date last seen Copy number Cost, replacement price Price effective from Koha item type
    Dewey Decimal Classification   Not For Loan Library, Independent University, Bangladesh (IUB) Library, Independent University, Bangladesh (IUB) Reference Stacks 09/05/2021 Purchase 290.00 306.0147 A155c 2017 027220 09/05/2021 01 580.00 09/05/2021 Books